| 000 | 00471nam a2200157Ia 4500 | ||
|---|---|---|---|
| 008 | 231217s9999 xx 000 0 und d | ||
| 020 | _a8178813866 | ||
| 041 | _aEnglish | ||
| 082 | _a657.76 SUB1;1 R | ||
| 100 | _aSubbulakshmi, V ed. | ||
| 245 | 0 | _aCapital account liberalization : Latin American experience | |
| 260 |
_c2004 _bICFAI Press _aHyderabad |
||
| 300 | _axi, 211+A14 | ||
| 650 | _aCapital,account,liberalization,Latin,American,experience | ||
| 942 | _cAA | ||
| 999 |
_c187781 _d187781 |
||